| 000 | 00376cam a2200145ua 4500 | ||
|---|---|---|---|
| 041 |
_aeng _h |
||
| 082 |
_a690.0223 _bPAR/BL |
||
| 100 | _aParkinson, A.C . | ||
| 245 |
_aBlueprint reading simplified / _cA.C Parkinson. _hTextual Documents |
||
| 260 |
_aLondon : _bSir Isaac Pitman & Sons Ltd , _c1960. |
||
| 300 | _a91 ; . | ||
| 504 | _a | ||
| 942 | _cBK | ||
| 999 |
_c8547 _d8547 |
||